Marcatori della Lazio in UEFA Europa League 2009-2010 - Statistics

Statistiche generali
  • Questo quiz è stato fatto 6 volte
  • Il punteggio medio è 6 su 9
Statistiche sulle risposte
Partita Minuto Marcatore % Corretto
Levski Sofia - Lazio 0-4 46' Mauro Zárate
100%
Lazio - Villarreal 2-1 20' Mauro Zárate
100%
Villarreal - Lazio 4-1 72' Mauro Zárate
100%
Levski Sofia - Lazio 0-4 74' Tommaso Rocchi
100%
Lazio - Villarreal 2-1 92' Tommaso Rocchi
100%
Levski Sofia - Lazio 0-4 22' Matuzalém
20%
Lazio - Salisburgo 1-2 59' Pasquale Foggia
20%
Salisburgo - Lazio 2-1 67' Pasquale Foggia
20%
Levski Sofia - Lazio 0-4 67' Mourad Meghni
0%
Nessun quiz corrispondente trovato
Distribuzione punteggi
Percentuale di utenti per punteggio
Percentile per numero di risposta
I tuoi punteggi nel tempo
Non hai fatto questo quiz